00771nam a2200229 a 450000100060000000300080000600500170001400800410003103500190007204000360009104100080012708200260013510000340016124500990019526000380029430000290033250000740036150400270043565000290046265000160049170000340050752600BD-RjUL20211209075831.0160922s1960 enka b 000 0 eng  a(BD-RjUL)52720 aDLC/ICUcICUdDLCdBD-RjULbeng aeng00223a531.382bGRL 19601 aGreen, A. E.q(Albert Edward)10aLarge elastic deformations and non-linear continuum mechanics,cby A.E. Green and J.E. Adkins. aOxford :bClarendon Press,c1960. a348 p. :billus.c24 cm. aSecond ed. published in 1970 under title: Large elastic deformations. aIncludes bibliography. 0aDeformations (Mechanics) 0aElasticity.1 aAdkins, J. E.,ejoint author.